00414nam a22001337a 450000500170000000800410001704100120005808200130007010000130008324500400009626000860013630000320022265000260025420240605131355.0240605b |||||||| |||| 00| 0 eng d aEnglish a349 LAW  lEnglish  aThe Law Reports: Chancery Division  aLondon: bThe Incorporated Council of Law Reporting for England and Wales, c1992 bxxiii, 601 pages; c25 cm.  aLegal practice bLaw